Trestné činy proti mene. 1

Ochrana peňazí pred falšovaním a pozmeňovaním vyplýva z medzinárodného Dohovoru o potieraní peňazokazectva. Implementácia postihu falšovania peňazí do Trestného zákona. Skutkové podstaty trestných činov proti mene, judikatúra a vysvetlivky.

Enregistré dans:
Détails bibliographiques
Auteur principal: Šípoš, Z.
Format: Chapitre de livre
Langue:slovaque
Sujets:
Tags: Ajouter un tag
Pas de tags, Soyez le premier à ajouter un tag!

MARC

LEADER 00000naa a2200000 4500
001 r026145
005 20230919070825.9
041 0 |a slo 
044 |a SK 
245 1 0 |a Trestné činy proti mene. 1  |c Z. Šípoš 
520 |a Ochrana peňazí pred falšovaním a pozmeňovaním vyplýva z medzinárodného Dohovoru o potieraní peňazokazectva. Implementácia postihu falšovania peňazí do Trestného zákona. Skutkové podstaty trestných činov proti mene, judikatúra a vysvetlivky. 
610 2 0 |a falzifikáty 
610 2 0 |a bankovky 
610 2 0 |a mena 
610 2 0 |a zákon trestný 
610 2 0 |a činnosť trestná 
100 1 |a Šípoš, Z.